000 00369nam a2200109Ia 4500
005 20251222143233.0
008 251222s9999||||xx |||||||||||||| ||spa||
082 _a343.014.3/D44I
245 0 _aInconstitucionalidad de la Legislación Penal Militar Policial Aprobada por la Ley N° 28665 y el Decreto Legislativo N° 961
264 _bDefensoría del Pueblo
942 _cLIB
999 _c14287
_d14287